Fr. Conceicao Rodrigues College of Engineering

Fox Pro 2.5 for Dos made easy (Record no. 21471)

MARC details
000 -LEADER
fixed length control field 00298nam a2200133Ia 4500
082 ## - DEWEY DECIMAL CLASSIFICATION NUMBER
Classification number 5.756511
100 ## - MAIN ENTRY--PERSONAL NAME
Personal name Edward Jones
245 ## - TITLE STATEMENT
Title Fox Pro 2.5 for Dos made easy
260 ## - PUBLICATION, DISTRIBUTION, ETC.
Name of publisher, distributor, etc. Osborne
Place of publication, distribution, etc. New York
Date of publication, distribution, etc. 1993
546 ## - LANGUAGE NOTE
Language note ENGLISH
654 ## - SUBJECT ADDED ENTRY--FACETED TOPICAL TERMS
Focus term Fox pro for 2.5. for dos
942 ## - ADDED ENTRY ELEMENTS (KOHA)
Koha item type BOOK
Holdings
Withdrawn status Lost status Damaged status Not for loan Collection Home library Current library Date acquired Source of acquisition Cost, normal purchase price Total Checkouts Full call number Barcode Date last seen Cost, replacement price Price effective from Koha item type
        CRC Fr. Agnel's C.Rodrigues College of Engineering Fr. Agnel's C.Rodrigues College of Engineering 17/03/2023 global books 531.20   5.756511 5841 17/03/2023 531.20 17/03/2023 BOOK